| 000 | 00636nam a22001937a 4500 | ||
|---|---|---|---|
| 003 | JO-AjAnu | ||
| 005 | 20231202133747.0 | ||
| 008 | 231202b jo ||||| |||| 00| 0 ara d | ||
| 040 |
_cJO-AjAnu _dANU |
||
| 100 |
_aJack R. Kapoor _964596 _eauther |
||
| 245 |
_aFoucs on Personal Finance : _bAn Active Apperoach to Help You Achieve Financial Literacy / _cJack R. Kapoor |
||
| 260 |
_aUS : _bMc Graw HillŲ _c2022 |
||
| 300 | _a538 pages | ||
| 650 | _vFocus | ||
| 700 |
_aLes R. Dlabay _964594 _ejoint auther |
||
| 700 |
_aMelissa M. Hart _964597 _ejoint auther |
||
| 700 |
_aRobert J. Hughes _964595 _ejoint auther |
||
| 942 |
_2lcc _cBK _n0 |
||
| 999 |
_c33227 _d33227 |
||